|
|
|
|
| LEADER |
00629cam a2200193 7i4500 |
| 001 |
0000025321 |
| 005 |
20200605090000.0 |
| 020 |
|
|
|a 9781416040989
|
| 090 |
0 |
0 |
|a RT120.E4
|b E53 2009
|
| 245 |
1 |
0 |
|a Emergency nursing procedures
|c [edited by] Proehl A. Jean.
|
| 250 |
|
|
|a 4th ed.
|
| 260 |
|
|
|a St. Louis, MO:
|b Saunders, an imprint of Elsevier Inc.,
|c 2008.
|
| 300 |
|
|
|a xx, 951 p.:
|b ill.;
|c 23 cm.
|
| 650 |
0 |
0 |
|a Emergency medicine
|
| 650 |
0 |
0 |
|a Emergency nursing
|
| 650 |
0 |
0 |
|a Emergency nursing --
|x Methods
|
| 700 |
1 |
|
|a Jean, Proehl A.
|
| 997 |
|
|
|a Health Sciences, Faculty
|
| 999 |
|
|
|a 0000025262
|b BOK
|c OPEN SHELF
|e 1st Floor, Shah Alam
|